书目信息 |
| 题名: |
中国文学研究现代化进程
|
|
| 作者: | 王瑶 主编 | |
| 分册: | ||
| 出版信息: | 北京 北京大学出版社 1996.12 |
|
| 页数: | 614页 | |
| 开本: | 20cm | |
| 丛书名: | 学术史研究丛书 | |
| 单 册: | ||
| 中图分类: | I206.09 | |
| 科图分类: | ||
| 主题词: | 文学批评史--中国 | |
| 电子资源: | ||
| ISBN: | 7-301-02740-0 | |
| 000 | 00647nam2 2200217 45 | |
| 001 | 0005151569 | |
| 005 | 20041108140839.0 | |
| 010 | @a7-301-02740-0@dCNY32.50 | |
| 100 | @a20000515d1996 km y0chiy0120 ea | |
| 101 | 0 | @achi |
| 105 | @a z 000yy | |
| 200 | 1 | @a中国文学研究现代化进程@AZhong Guo Wen Xue Yan Jiu Xian Dai Hua Jin Cheng@f王瑶主编@FWang Yao Zhu Bian |
| 210 | @a北京@c北京大学出版社@d1996.12 | |
| 215 | @a614页@d20cm | |
| 225 | @a学术史研究丛书 | |
| 410 | @12001 @a学术史研究丛书 | |
| 606 | 0 | @a文学批评史@y中国 |
| 690 | @aI206.09@v1 | |
| 701 | 0 | @a王瑶@4主编 |
| 801 | @aCN@bTSTC@c20000515 | |
| 905 | @b288453-455@dI206.09@e11@f3 | |
| 中国文学研究现代化进程/王瑶主编.-北京:北京大学出版社,1996.12 |
| 614页;20cm.-(学术史研究丛书) |
| ISBN 7-301-02740-0:CNY32.50 |
| ● |
| 相关链接 |
|
|
|
|
正题名:中国文学研究现代化进程
索取号:I206.09/11
 
预约/预借
| 序号 | 登录号 | 条形码 | 馆藏地/架位号 | 状态 | 备注 |
| 1 | 0288453 | 002884533 | 第二借阅区/ [索取号:I206.09/11] | 在馆 | |
| 2 | 0288454 | 002884542 | 第二借阅区/ [索取号:I206.09/11] | 在馆 | |
| 3 | 0288455 | 002884551 | 第一样本阅览室/ [索取号:I206.09/11] | 在馆 |